[Event "Hradec Kralove op 13th"]
[Site "Hradec Kralove"]
[Date "2023.11.10"]
[Round "8"]
[White "Kalveus, Jan"]
[Black "Johnson, Joshua"]
[Result "0-1"]
[WhiteElo "1807"]
[BlackElo "2337"]
[PlyCount "86"]
[EventDate "2023.11.04"]
[EventType "swiss"]
[EventRounds "9"]
[EventCountry "CZE"]
[SourceTitle "CB46_2023"]
[SourceDate "2023.11.15"]
[SourceVersion "1"]
[SourceVersionDate "2023.11.15"]
[SourceQuality "1"]

1. d4 d5 2. Bf4 Nf6 3. e3 e6 4. Nf3 Bd6 5. Bd3 c5 6. Bxd6 Qxd6 7. c3 Nc6 8. Nbd2 0-0 9. 0-0 e5 10. dxe5 Nxe5 11. Nxe5 Qxe5 12. Nf3 Qe6 13. Re1 b6 14. Qe2 Qe7 15. h3 Bb7 16. Ba6 Rfe8 17. Bxb7 Qxb7 18. Red1 Rab8 19. a4 Rbd8 20. Qc2 Rd6 21. Qd3 Red8 22. Qe2 Re6 23. Qc2 Red6 24. Re1 h6 25. Red1 Qd7 26. Qd3 Ne4 27. Nd2 Rg6 28. Kf1 c4 29. Qc2 Nc5 30. Nf3 Qc8 31. Nd4 Rdd6 32. Ne2 Nd3 33. Rxd3 cxd3 34. Qxd3 Rg5 35. a5 Qc4 36. Qxc4 dxc4 37. axb6 Rxb6 38. Rxa7 Rxb2 39. f3 Rc2 40. Ra1 Rb5 41. Nd4 Rbb2 42. Nxc2 Rxc2 43. Ra3 Kf8 0-1

[Event "Plzen op 11th"]
[Site "Plzen"]
[Date "2023.03.07"]
[Round "5"]
[White "Boeren, Jurriaan"]
[Black "Kalveus, Jan"]
[Result "1-0"]
[WhiteElo "1998"]
[BlackElo "1815"]
[PlyCount "89"]
[EventDate "2023.03.04"]
[EventType "swiss"]
[EventRounds "9"]
[EventCountry "CZE"]
[SourceTitle "CBM 213 Extra"]
[Source "ChessBase"]
[SourceDate "2023.05.31"]
[SourceVersion "1"]
[SourceVersionDate "2023.05.31"]
[SourceQuality "1"]

1. e4 e6 2. d4 d5 3. exd5 exd5 4. Nf3 Nf6 5. Bd3 Bd6 6. Qe2+ Qe7 7. Qxe7+ Kxe7 8. 0-0 Re8 9. Bg5 Nbd7 10. Nc3 c6 11. Bxh7 Nf8 12. Rfe1+ Be6 13. Bd3 Kd7 14. Bxf6 gxf6 15. Nh4 Kc7 16. g3 Nd7 17. Nd1 Rg8 18. Ne3 Rg5 19. Nef5 Rh8 20. c3 Rhh5 21. Nxd6 Rxh4 22. Nf5 Rh8 23. Ne3 f5 24. f4 Rgh5 25. Re2 Nf6 26. Rf1 Ne4 27. Bxe4 dxe4 28. c4 Rd8 29. Rd2 Bc8 30. Rfd1 Rh6 31. d5 c5 32. b4 Kd6 33. Rb1 b6 34. a3 Rf6 35. Kg2 Bb7 36. bxc5+ Kxc5 37. Rb5+ Kd6 38. c5+ Kc7 39. Rc2 bxc5 40. Rcxc5+ Kb8 41. Rc6 Rdd6 42. Nc4 Rxc6 43. dxc6 Rxc6 44. Na5 Ra6 45. Rxb7+ 1-0

[Event "Plzen op 11th"]
[Site "Plzen"]
[Date "2023.03.05"]
[Round "2"]
[White "Kalveus, Jan"]
[Black "Wiley, Tom E"]
[Result "0-1"]
[WhiteElo "1815"]
[BlackElo "2125"]
[PlyCount "110"]
[EventDate "2023.03.04"]
[EventType "swiss"]
[EventRounds "9"]
[EventCountry "CZE"]
[SourceTitle "CBM 213 Extra"]
[Source "ChessBase"]
[SourceDate "2023.05.31"]
[SourceVersion "1"]
[SourceVersionDate "2023.05.31"]
[SourceQuality "1"]

1. d4 Nf6 2. Nf3 e6 3. Bf4 c5 4. e3 cxd4 5. exd4 b6 6. Nbd2 Be7 7. Bd3 Bb7 8. Bg3 0-0 9. Qe2 d6 10. Rc1 Nc6 11. c4 d5 12. Qe3 Nb4 13. Bb1 dxc4 14. Nxc4 Bxf3 15. gxf3 Rc8 16. 0-0 Qd5 17. Be4 Qh5 18. a3 Nbd5 19. Qd2 Nd7 20. Kg2 Bg5 21. f4 Bxf4 22. Ne3 Rxc1 23. Rxc1 N7f6 24. Bf3 Qg5 25. Re1 Bxe3 26. fxe3 Ng4 27. Bxg4 Qxg4 28. Qf2 f5 29. h3 Qe4+ 30. Kh2 Rc8 31. Re2 Rc1 32. Qg2 Qxg2+ 33. Kxg2 Kf7 34. Kf3 Nf6 35. Be5 Ne4 36. a4 g5 37. Bb8 a6 38. Ba7 b5 39. axb5 axb5 40. Bb8 Rf1+ 41. Kg2 Rd1 42. Rc2 Rd2+ 43. Rxd2 Nxd2 44. b4 Ne4 45. Kf3 Ke7 46. Ba7 Kd6 47. Bc5+ Kd5 48. Be7 h5 49. Bd8 g4+ 50. hxg4 hxg4+ 51. Kg2 Kc4 52. Be7 Nc3 53. Bd6 Kd3 54. Bc5 Nd5 55. Kf2 Nxe3 0-1

[Event "Ricany op 20th"]
[Site "Ricany"]
[Date "2022.08.28"]
[Round "2"]
[White "Kalveus, Jan"]
[Black "Markina, Sofiia"]
[Result "1-0"]
[WhiteElo "1790"]
[BlackElo "1551"]
[PlyCount "83"]
[EventDate "2022.08.27"]
[EventType "swiss"]
[EventRounds "9"]
[EventCountry "CZE"]
[SourceTitle "CBM 210 Extra"]
[Source "ChessBase"]
[SourceDate "2022.11.30"]
[SourceVersion "1"]
[SourceVersionDate "2022.11.30"]
[SourceQuality "1"]

1. d4 d5 2. Nf3 Nf6 3. Bg5 e6 4. e3 Be7 5. c4 h6 6. Bf4 0-0 7. Nc3 c5 8. Be2 Nc6 9. 0-0 b6 10. a3 Bb7 11. cxd5 exd5 12. Rc1 Rc8 13. Bd3 Re8 14. Bf5 Ra8 15. Nb5 Rf8 16. Bc7 Qe8 17. Nd6 Bxd6 18. Bxd6 c4 19. Bxf8 Qxf8 20. Ne5 Ne7 21. Nd7 Nxd7 22. Bxd7 Qd8 23. Bg4 Ng6 24. f4 Qe7 25. Qf3 Rf8 26. f5 Nh4 27. Qf4 g5 28. Qf2 Qe4 29. h3 Bc8 30. g3 Kh7 31. gxh4 gxh4 32. Qf4 Qe8 33. f6 Rg8 34. Kh2 Bxg4 35. hxg4 Rg5 36. Rf3 Qb5 37. Rf2 Qd7 38. Rg1 Qe8 39. Rf3 Qg8 40. Rh3 Qg6 41. Rxh4 Qc2+ 42. Rg2 1-0

[Event "Ricany op 20th"]
[Site "Ricany"]
[Date "2022.08.28"]
[Round "3"]
[White "Steiner, Juraj"]
[Black "Kalveus, Jan"]
[Result "1/2-1/2"]
[WhiteElo "2005"]
[BlackElo "1790"]
[PlyCount "46"]
[EventDate "2022.08.27"]
[EventType "swiss"]
[EventRounds "9"]
[EventCountry "CZE"]
[SourceTitle "CBM 210 Extra"]
[Source "ChessBase"]
[SourceDate "2022.11.30"]
[SourceVersion "1"]
[SourceVersionDate "2022.11.30"]
[SourceQuality "1"]

1. d4 Nf6 2. c4 e6 3. Nc3 Bb4 4. e3 0-0 5. Bd3 d5 6. cxd5 exd5 7. Nge2 Bg4 8. f3 Bh5 9. Nf4 c6 10. Qc2 Bg6 11. Nxg6 hxg6 12. Qf2 Re8 13. 0-0 c5 14. a3 cxd4 15. axb4 dxc3 16. bxc3 Qc7 17. Bd2 Nbd7 18. Rac1 Ne5 19. Bb5 Re7 20. Qe1 Nc4 21. Bxc4 dxc4 22. e4 Qb6+ 23. Kh1 Rd8 1/2-1/2

[Event "Prague op-A 19th"]
[Site "Prague"]
[Date "2020.01.15"]
[Round "7"]
[White "Turkova, Karolina"]
[Black "Kalveus, Jan"]
[Result "1/2-1/2"]
[WhiteElo "1981"]
[BlackElo "1808"]
[PlyCount "49"]
[EventDate "2020.01.10"]
[EventType "swiss"]
[EventRounds "9"]
[EventCountry "CZE"]
[SourceTitle "CBM 195 Extra"]
[Source "ChessBase"]
[SourceDate "2020.05.31"]
[SourceVersion "1"]
[SourceVersionDate "2020.05.31"]
[SourceQuality "1"]

1. e4 e6 2. d4 d5 3. Nc3 Bb4 4. e5 Ne7 5. a3 Bxc3+ 6. bxc3 c5 7. Qg4 Qc7 8. Qxg7 Rg8 9. Qxh7 cxd4 10. Ne2 Qxe5 11. cxd4 Qf5 12. Qxf5 Nxf5 13. c3 Nc6 14. Nf4 Bd7 15. Bd3 Nd6 16. g3 Na5 17. Rb1 Rc8 18. Ne2 Ba4 19. h4 Ke7 20. h5 b6 21. h6 Rh8 22. g4 e5 23. g5 e4 24. Bc2 Rcg8 25. Rg1 1/2-1/2

[Event "Helsingor Xtracon op"]
[Site "Helsingor"]
[Date "2019.07.22"]
[Round "4"]
[White "Narheim, Mats"]
[Black "Kalveus, Jan"]
[Result "0-1"]
[WhiteElo "1608"]
[BlackElo "1798"]
[PlyCount "80"]
[EventDate "2019.07.20"]
[EventType "swiss"]
[EventRounds "10"]
[EventCountry "DEN"]
[SourceTitle "CBM 191 Extra"]
[Source "ChessBase"]
[SourceDate "2019.09.30"]
[SourceVersion "1"]
[SourceVersionDate "2019.09.30"]
[SourceQuality "1"]

1. e4 e6 2. d3 d5 3. Qe2 dxe4 4. dxe4 e5 5. Nf3 Nc6 6. Nc3 Nf6 7. g3 Bg4 8. Bg2 Bb4 9. Qb5 0-0 10. 0-0 Bxf3 11. Bxf3 Nd4 12. Qd3 h6 13. Nd5 Nxf3+ 14. Qxf3 Nxd5 15. exd5 Qd6 16. Be3 Bc5 17. Rad1 Bxe3 18. Qxe3 Rfe8 19. Rfe1 a5 20. Qb3 b6 21. Re4 Re7 22. Rde1 Rd8 23. Qc3 Rde8 24. Qc6 Qxc6 25. dxc6 Re6 26. c3 f5 27. R4e2 Kf7 28. Rd1 Rxc6 29. Rd7+ Kf6 30. f4 e4 31. Kf2 Re7 32. Rd8 Rd6 33. Rxd6+ cxd6 34. Ke3 Ke6 35. Rd2 Rc7 36. Rd4 Rc5 37. c4 d5 38. b3 dxc4 39. bxc4 Rc6 40. a4 Rd6 0-1

[Event "Marianske Lazne op 50+"]
[Site "Marianske Lazne"]
[Date "2019.01.23"]
[Round "6"]
[White "Kalveus, Jan"]
[Black "Ruzicka, Tomas"]
[Result "1-0"]
[WhiteElo "1824"]
[BlackElo "1739"]
[PlyCount "45"]
[EventDate "2019.01.19"]
[EventType "swiss"]
[EventRounds "9"]
[EventCountry "CZE"]
[SourceTitle "CBM 188 Extra"]
[Source "ChessBase"]
[SourceDate "2019.02.26"]
[SourceVersion "1"]
[SourceVersionDate "2019.02.26"]
[SourceQuality "1"]

1. d4 Nf6 2. Bg5 Ne4 3. Bf4 d5 4. Nd2 Nxd2 5. Qxd2 Nc6 6. e3 e6 7. Nf3 f6 8. a3 Be7 9. c4 g5 10. Bg3 g4 11. Ng1 b6 12. h3 Na5 13. Qc2 gxh3 14. Rxh3 f5 15. Nf3 Ba6 16. Ne5 Rc8 17. Qd1 Bf6 18. Qh5+ Ke7 19. Qf7+ Kd6 20. c5+ bxc5 21. Bxa6 Rb8 22. Nc4+ Kc6 23. Qxe6+ 1-0

[Event "Trebic Highlands op 12th"]
[Site "Trebic"]
[Date "2018.09.26"]
[Round "5"]
[White "Kalveus, Jan"]
[Black "Pacl, Vaclav"]
[Result "0-1"]
[WhiteElo "1854"]
[BlackElo "2033"]
[PlyCount "98"]
[EventDate "2018.09.22"]
[EventType "swiss"]
[EventRounds "9"]
[EventCountry "CZE"]
[SourceTitle "CBM 186 Extra"]
[Source "ChessBase"]
[SourceDate "2018.08.24"]
[SourceVersion "1"]
[SourceVersionDate "2018.08.24"]
[SourceQuality "1"]

1. d4 d5 2. Nf3 Nf6 3. c4 c6 4. Nc3 dxc4 5. a4 Bf5 6. e3 e6 7. Bxc4 Bb4 8. 0-0 Bg6 9. Ne5 Nbd7 10. Nxd7 Qxd7 11. Qe2 0-0 12. Bd2 Qe7 13. Bd3 Rad8 14. Bxg6 hxg6 15. Rfd1 e5 16. dxe5 Qxe5 17. Be1 Bd6 18. g3 Rfe8 19. Rd3 Bc5 20. Rad1 Rxd3 21. Rxd3 g5 22. Nd1 Qf5 23. b4 Bb6 24. a5 Bc7 25. Nc3 Re6 26. f3 g4 27. e4 Qg6 28. Re3 gxf3 29. Qxf3 Be5 30. Ne2 Ng4 31. Rd3 Bf6 32. Nf4 Qxe4 33. Bf2 Nxf2 34. Kxf2 Qe1+ 35. Kg2 Re8 36. a6 Qxb4 37. axb7 Qxb7 38. Nh5 Ba1 39. Ra3 Bd4 40. Rd3 Qb2+ 41. Kh3 c5 42. Qg4 Qf2 43. Rf3 Qe2 44. Qf4 Qe6+ 45. g4 g6 46. Ng3 a5 47. Qg5 Qe7 48. Qh6 Be3 49. Qh4 Bg5 0-1

[Event "Marianske Lazne Seniors op 17th"]
[Site "Marianske Lazne"]
[Date "2018.01.24"]
[Round "6"]
[White "Chaloupka, Frantisek"]
[Black "Kalveus, Jan"]
[Result "1-0"]
[WhiteElo "1992"]
[BlackElo "1826"]
[PlyCount "59"]
[EventDate "2018.01.20"]
[EventType "swiss"]
[EventRounds "9"]
[EventCountry "CZE"]
[SourceTitle "CBM 182 Extra"]
[Source "ChessBase"]
[SourceDate "2018.02.23"]
[SourceVersion "1"]
[SourceVersionDate "2018.02.23"]
[SourceQuality "1"]

1. e4 e6 2. d4 d5 3. Nd2 dxe4 4. Nxe4 Nd7 5. Nf3 Ngf6 6. Bd3 Nxe4 7. Bxe4 Nf6 8. Bd3 c5 9. c3 Be7 10. 0-0 0-0 11. Bg5 Nd5 12. Bxe7 Qxe7 13. Re1 cxd4 14. Nxd4 Qg5 15. Qf3 Qf4 16. Be4 Qxf3 17. Bxf3 Nf6 18. Nb3 Rb8 19. Na5 Re8 20. Rad1 Kf8 21. Nc4 Ng8 22. Rd4 Ne7 23. Red1 Nc6 24. Rd6 Ke7 25. Bxc6 bxc6 26. Rxc6 Rd8 27. Rc7+ Bd7 28. Ne5 Rxb2 29. h3 Rxa2 30. Nc6+ 1-0

[Event "Marianske Lazne Seniors op 17th"]
[Site "Marianske Lazne"]
[Date "2018.01.22"]
[Round "3"]
[White "Kalveus, Jan"]
[Black "Kozak, Milos"]
[Result "1/2-1/2"]
[WhiteElo "1826"]
[BlackElo "2111"]
[PlyCount "44"]
[EventDate "2018.01.20"]
[EventType "swiss"]
[EventRounds "9"]
[EventCountry "CZE"]
[SourceTitle "CBM 182 Extra"]
[Source "ChessBase"]
[SourceDate "2018.02.23"]
[SourceVersion "1"]
[SourceVersionDate "2018.02.23"]
[SourceQuality "1"]

1. d4 d5 2. Nf3 Nf6 3. c4 c6 4. Nc3 e6 5. e3 Nbd7 6. Bd3 dxc4 7. Bxc4 b5 8. Bd3 Bd6 9. 0-0 0-0 10. Qc2 Bb7 11. Rd1 Qb8 12. e4 e5 13. d5 b4 14. dxc6 Bxc6 15. Nd5 Bxd5 16. exd5 Rc8 17. Qb1 Re8 18. Ng5 e4 19. Nxe4 Bxh2+ 20. Kf1 Nxe4 21. Bxe4 Nf6 22. Bf3 Bd6 1/2-1/2

[Event "Plzen op 9th"]
[Site "Plzen"]
[Date "2017.11.23"]
[Round "5"]
[White "Aird, Ian"]
[Black "Kalveus, Jan"]
[Result "1-0"]
[WhiteElo "1738"]
[BlackElo "1849"]
[PlyCount "77"]
[EventDate "2017.11.19"]
[EventType "swiss"]
[EventRounds "7"]
[EventCountry "CZE"]
[SourceTitle "CBM 181 Extra"]
[Source "ChessBase"]
[SourceDate "2017.12.12"]
[SourceVersion "1"]
[SourceVersionDate "2017.12.12"]
[SourceQuality "1"]

1. c4 f5 2. g3 e5 3. d4 exd4 4. Qxd4 Nc6 5. Qe3+ Be7 6. Bg2 Nf6 7. Nc3 0-0 8. Nh3 Ng4 9. Qd2 Bc5 10. Qd5+ Kh8 11. Qxc5 d6 12. Qd4 Qe8 13. Qd1 Nce5 14. b3 Bd7 15. 0-0 Qh5 16. f3 Nf6 17. Nf4 Qf7 18. Bb2 g5 19. Nd3 Rae8 20. Nxe5 dxe5 21. Nd5 Nxd5 22. Qxd5 Qg7 23. f4 gxf4 24. Rxf4 c6 25. Qd2 Kg8 26. Rh4 Qe7 27. Rd1 Rf7 28. Qd6 Qg5 29. Qh6 Qe7 30. Bc1 Rg7 31. Qd6 Qd8 32. Bh6 Rf7 33. Bf3 Re6 34. Qxe6 Qb6+ 35. c5 Qxc5+ 36. Kg2 e4 37. Rxd7 exf3+ 38. Kxf3 Qc3+ 39. Kg2 1-0

[Event "Helsingor Xtracon op"]
[Site "Helsingor"]
[Date "2017.07.23"]
[Round "2"]
[White "Kalveus, Jan"]
[Black "Persson, Lars2222"]
[Result "1-0"]
[WhiteElo "1856"]
[BlackElo "1590"]
[PlyCount "35"]
[EventDate "2017.07.22"]
[EventType "swiss"]
[EventRounds "10"]
[EventCountry "DEN"]
[SourceTitle "CBM 179 Extra"]
[Source "ChessBase"]
[SourceDate "2017.08.23"]
[SourceVersion "1"]
[SourceVersionDate "2017.08.23"]
[SourceQuality "1"]

1. d4 Nf6 2. Bg5 e6 3. e4 Be7 4. Bd3 0-0 5. Nf3 d6 6. c4 c6 7. Qc2 h6 8. Be3 Qc7 9. e5 dxe5 10. dxe5 Nfd7 11. Bf4 c5 12. Qe2 f5 13. exf6 Qxf4 14. Qxe6+ Kh8 15. fxe7 Re8 16. 0-0 Nf6 17. Qf7 Bh3 18. Qf8+ 1-0

[Event "Liberec op 17th"]
[Site "Liberec"]
[Date "2017.02.28"]
[Round "5"]
[White "Kalveus, Jan"]
[Black "Burnett, Andrew"]
[Result "0-1"]
[WhiteElo "1844"]
[BlackElo "2162"]
[PlyCount "38"]
[EventDate "2017.02.25"]
[EventType "swiss"]
[EventRounds "9"]
[EventCountry "CZE"]
[SourceTitle "CBM 177 Extra"]
[Source "ChessBase"]
[SourceDate "2017.04.27"]
[SourceVersion "1"]
[SourceVersionDate "2017.04.27"]
[SourceQuality "1"]

1. d4 c5 2. dxc5 e6 3. Be3 Nf6 4. g3 Na6 5. Bg2 Nxc5 6. c4 d5 7. Qc2 d4 8. Bf4 d3 9. Qd2 Qb6 10. Be5 Ng4 11. Bd4 e5 12. h3 exd4 13. hxg4 Bxg4 14. Rh4 h5 15. Bd5 Be7 16. f3 Be6 17. Bxe6 Nxe6 18. Re4 Bb4 19. Nc3 dxc3 0-1

[Event "Plzen op 8th"]
[Site "Plzen"]
[Date "2016.10.13"]
[Round "5"]
[White "Kallstrom, Michael"]
[Black "Kalveus, Jan"]
[Result "1/2-1/2"]
[WhiteElo "1791"]
[BlackElo "1813"]
[PlyCount "21"]
[EventDate "2016.10.09"]
[EventType "swiss"]
[EventRounds "7"]
[EventCountry "CZE"]
[SourceTitle "EXT 2017"]
[Source "ChessBase"]
[SourceDate "2016.10.25"]
[SourceVersion "1"]
[SourceVersionDate "2016.10.25"]
[SourceQuality "1"]

1. d4 Nf6 2. c4 e6 3. Nc3 c5 4. d5 exd5 5. cxd5 d6 6. e4 g6 7. g3 Bg7 8. Bg2 0-0 9. Nf3 Re8 10. Nd2 a6 11. a4 1/2-1/2